[Event "EYCC 2024 - G12"]
[Site "?"]
[Date "2024.08.26"]
[Round "5.7"]
[White "Oksanen, Maria"]
[Black "Gruszecka, Alicja"]
[Result "1-0"]
[BlackElo "1781"]
[WhiteElo "1711"]
[LiveChessVersion "1.4.8"]

1. e4 {[%clk 1:30:57]} e5 {[%clk 1:30:50]} 2. Nf3 {[%clk 1:31:19]} Nc6
{[%clk 1:31:14]} 3. Bb5 {[%clk 1:31:42]} f5 {[%clk 1:31:36]} 4. d3
{[%clk 1:32:05]} fxe4 {[%clk 1:31:56]} 5. dxe4 {[%clk 1:32:27]} Nf6
{[%clk 1:32:04]} 6. O-O {[%clk 1:32:39]} Bc5 {[%clk 1:31:50]} 7. Bxc6
{[%clk 1:32:22]} bxc6 {[%clk 1:32:10]} 8. Nxe5 {[%clk 1:32:25]} O-O
{[%clk 1:31:36]} 9. Qd3 {[%clk 1:29:18]} Qe7 {[%clk 1:29:11]} 10. Nf3
{[%clk 1:16:00]} Qxe4 {[%clk 1:25:18]} 11. Qxe4 {[%clk 1:11:23]} Nxe4
{[%clk 1:25:07]} 12. Nbd2 {[%clk 1:11:22]} Nxd2 {[%clk 1:24:18]} 13. Bxd2
{[%clk 1:11:43]} d5 {[%clk 1:15:47]} 14. h3 {[%clk 1:09:15]} Bxh3
{[%clk 1:13:33]} 15. Ne5 {[%clk 1:09:21]} Bf5 {[%clk 1:03:52]} 16. Nxc6
{[%clk 1:06:39]} Rae8 {[%clk 0:58:55]} 17. Bb4 {[%clk 1:04:49]} Bxb4
{[%clk 0:57:40]} 18. Nxb4 {[%clk 1:05:07]} Rb8 {[%clk 0:48:34]} 19. Nxd5
{[%clk 0:58:51]} Rxb2 {[%clk 0:45:53]} 20. Rab1 {[%clk 0:58:58]} Rxb1
{[%clk 0:44:39]} 21. Rxb1 {[%clk 0:59:15]} Bxc2 {[%clk 0:43:51]} 22. Rb7
{[%clk 0:59:25]} Be4 {[%clk 0:30:35]} 23. Ne7+ {[%clk 0:59:44]} Kf7
{[%clk 0:30:05]} 24. Rxc7 {[%clk 1:00:00]} Ke6 {[%clk 0:29:07]} 25. Nc8
{[%clk 0:57:22]} g5 {[%clk 0:22:35]} 26. Nxa7 {[%clk 0:57:04]} Rf7
{[%clk 0:21:46]} 27. Rxf7 {[%clk 0:57:06]} Kxf7 {[%clk 0:22:07]} 28. Nb5
{[%clk 0:57:01]} Ke6 {[%clk 0:21:17]} 29. f3 {[%clk 0:57:04]} Bb7
{[%clk 0:18:08]} 30. Kf2 {[%clk 0:57:08]} h5 {[%clk 0:17:07]} 31. Nc3
{[%clk 0:53:15]} Ke5 {[%clk 0:13:53]} 32. Ke3 {[%clk 0:52:13]} g4
{[%clk 0:13:23]} 33. f4+ {[%clk 0:52:28]} Kf5 {[%clk 0:12:32]} 34. g3
{[%clk 0:52:49]} h4 {[%clk 0:07:55]} 35. gxh4 {[%clk 0:52:52]} g3
{[%clk 0:08:20]} 36. Ne2 {[%clk 0:52:23]} Kg4 {[%clk 0:06:54]} 37. h5
{[%clk 0:52:15]} Kxh5 {[%clk 0:03:06]} 38. Nxg3+ {[%clk 0:52:32]} Kg4
{[%clk 0:02:28]} 39. Ne4 {[%clk 0:52:56]} Bc6 {[%clk 0:01:41]} 40. Nd6
{[%clk 0:53:00]} Ba8 {[%clk 0:01:17]} 41. a4 {[%clk 0:52:52]} Bc6
{[%clk 0:00:47]} 42. a5 {[%clk 0:53:16]} Ba8 {[%clk 0:00:48]} 43. f5
{[%clk 0:53:32]} Kg5 {[%clk 0:00:56]} 44. a6 {[%clk 0:53:29]} Bc6
{[%clk 0:00:38]} 45. Kd4 {[%clk 0:53:48]} Kf6 {[%clk 0:00:49]} 46. Kc5
{[%clk 0:53:31]} Ba8 {[%clk 0:00:35]} 47. Nb7 {[%clk 0:53:49]} Kxf5
{[%clk 0:00:51]} 48. Kb6 {[%clk 0:54:02]} Ke6 {[%clk 0:00:39]} 49. Ka7
{[%clk 0:54:19]} Kd7 {[%clk 0:00:49]} 50. Kxa8 {[%clk 0:54:43]} Kc8
{[%clk 0:00:34]} 51. a7 {[%clk 0:54:48]} Kc7 {[%clk 0:00:47]} 52. Nd6
{[%clk 0:55:16]} Kxd6 {[%clk 0:00:34]} 53. Kb7 {[%clk 0:55:39]} Kd7
{[%clk 0:00:35]} 54. a8=Q {[%clk 0:55:55]} Kd6 {[%clk 0:00:51]} 55. Qc8
{[%clk 0:56:13]} Ke7 {[%clk 0:01:14]} 56. Qc6 {[%clk 0:56:34]} Kf7
{[%clk 0:01:33]} 57. Kb6 {[%clk 0:56:56]} Ke7 {[%clk 0:01:46]} 58. Kc5
{[%clk 0:57:16]} Kf7 {[%clk 0:02:01]} 59. Kd5 {[%clk 0:57:35]} Ke7
{[%clk 0:02:24]} 60. Qd6+ {[%clk 0:57:56]} Kf7 {[%clk 0:02:40]} 61. Ke5
{[%clk 0:58:12]} Kg7 {[%clk 0:03:05]} 62. Kf5 {[%clk 0:58:32]} Kf7
{[%clk 0:03:20]} 63. Qd7+ {[%clk 0:58:57]} Kg8 {[%clk 0:03:34]} 64. Kf6
{[%clk 0:59:20]} Kh8 {[%clk 0:03:53]} 65. Qg7# 1-0

[Event "EYCC 2024 - G12"]
[Site "?"]
[Date "2024.08.26"]
[Round "5.8"]
[White "Sahin, Zeynep Duru"]
[Black "Tolmaceva, Alona"]
[Result "1-0"]
[BlackElo "1766"]
[WhiteElo "1698"]
[LiveChessVersion "1.4.8"]

1. e4 {[%clk 1:30:56]} c5 {[%clk 1:30:37]} 2. Nc3 {[%clk 1:31:19]} d6
{[%clk 1:30:53]} 3. Bb5+ {[%clk 1:31:43]} Bd7 {[%clk 1:28:46]} 4. Bxd7+
{[%clk 1:32:02]} Qxd7 {[%clk 1:21:01]} 5. d4 {[%clk 1:32:14]} cxd4
{[%clk 1:21:22]} 6. Qxd4 {[%clk 1:32:33]} Nc6 {[%clk 1:21:36]} 7. Qd3
{[%clk 1:32:41]} Nf6 {[%clk 1:17:27]} 8. Nf3 {[%clk 1:32:56]} g6 {[%clk 1:15:57]}
9. O-O {[%clk 1:33:07]} Bg7 {[%clk 1:14:43]} 10. Bg5 {[%clk 1:33:20]} h6
{[%clk 1:08:23]} 11. Bh4 {[%clk 1:32:46]} O-O {[%clk 0:57:17]} 12. Nd5
{[%clk 1:29:18]} Nxd5 {[%clk 0:44:41]} 13. exd5 {[%clk 1:29:36]} Ne5
{[%clk 0:43:40]} 14. Nxe5 {[%clk 1:29:21]} dxe5 {[%clk 0:43:04]} 15. f3
{[%clk 1:23:30]} Rfd8 {[%clk 0:36:29]} 16. Rfd1 {[%clk 1:18:34]} g5
{[%clk 0:35:11]} 17. Bf2 {[%clk 1:16:15]} b6 {[%clk 0:32:46]} 18. c4
{[%clk 1:08:35]} Qd6 {[%clk 0:24:12]} 19. Rac1 {[%clk 1:01:03]} Rac8
{[%clk 0:17:53]} 20. Qb1 {[%clk 0:55:40]} e6 {[%clk 0:12:22]} 21. b3
{[%clk 0:49:38]} Rd7 {[%clk 0:04:34]} 22. b4 {[%clk 0:42:27]} exd5
{[%clk 0:03:59]} 23. Rxd5 {[%clk 0:41:39]} Qc6 {[%clk 0:03:33]} 24. Rxd7
{[%clk 0:39:06]} Qxd7 {[%clk 0:03:56]} 25. c5 {[%clk 0:37:47]} Qc7
{[%clk 0:02:24]} 26. c6 {[%clk 0:35:44]} Bf8 {[%clk 0:01:18]} 27. b5
{[%clk 0:35:50]} Bd6 {[%clk 0:01:27]} 28. h3 {[%clk 0:34:11]} Qe7
{[%clk 0:01:19]} 29. Qe4 {[%clk 0:31:31]} Rd8 {[%clk 0:00:59]} 30. Rd1
{[%clk 0:30:19]} Bc7 {[%clk 0:00:59]} 31. Rd5 {[%clk 0:28:39]} Rxd5
{[%clk 0:01:00]} 32. Qxd5 {[%clk 0:29:01]} Qd6 {[%clk 0:01:25]} 33. Qxd6
{[%clk 0:28:52]} Bxd6 {[%clk 0:01:50]} 34. Kf1 {[%clk 0:29:15]} Kf8
{[%clk 0:02:05]} 35. Ke2 {[%clk 0:29:39]} Ke7 {[%clk 0:02:27]} 36. Kd3
{[%clk 0:29:57]} Ke6 {[%clk 0:02:42]} 37. Kc4 {[%clk 0:30:22]} Bc7
{[%clk 0:01:39]} 38. g4 {[%clk 0:28:26]} Kd6 {[%clk 0:01:25]} 39. Be1 a5
{[%clk 0:00:48]} 40. bxa6 {[%clk 0:23:47]} Kxc6 {[%clk 0:01:10]} 41. a4
{[%clk 0:18:49]} Bd6 {[%clk 0:00:46]} 42. Bf2 {[%clk 0:18:37]} Be7
{[%clk 0:00:34]} 43. Be3 {[%clk 0:18:18]} Bf8 {[%clk 0:00:36]} 44. a7
{[%clk 0:18:24]} Kb7 {[%clk 0:00:58]} 45. Bxb6 {[%clk 0:17:59]} Be7
{[%clk 0:00:51]} 46. Kd5 {[%clk 0:18:11]} Bf6 {[%clk 0:00:56]} 47. Bc7
{[%clk 0:17:56]} Kxa7 {[%clk 0:01:16]} 48. Bxe5 {[%clk 0:18:21]} Be7
{[%clk 0:01:23]} 49. Bg7 {[%clk 0:17:55]} Ka6 {[%clk 0:01:45]} 50. Bxh6
{[%clk 0:18:14]} Ka5 {[%clk 0:02:10]} 51. Ke5 {[%clk 0:18:37]} Kxa4
{[%clk 0:02:31]} 52. Kf5 {[%clk 0:19:04]} f6 {[%clk 0:02:42]} 53. Bg7
{[%clk 0:19:33]} 1-0

[Event "EYCC 2024 - G12"]
[Site "?"]
[Date "2024.08.26"]
[Round "5.9"]
[White "Owczarek, Hanna"]
[Black "Turcanu, Otilia"]
[Result "1/2-1/2"]
[BlackElo "1710"]
[WhiteElo "1742"]
[LiveChessVersion "1.4.8"]

1. c4 {[%clk 1:30:58]} e5 {[%clk 1:30:47]} 2. Nc3 {[%clk 1:31:20]} Nf6
{[%clk 1:30:59]} 3. Nf3 {[%clk 1:31:38]} Nc6 {[%clk 1:31:23]} 4. e4
{[%clk 1:31:50]} Bb4 {[%clk 1:31:33]} 5. d3 {[%clk 1:32:06]} O-O {[%clk 1:31:21]}
6. a3 {[%clk 1:32:07]} Bxc3+ {[%clk 1:31:38]} 7. bxc3 {[%clk 1:32:24]} d6
{[%clk 1:31:33]} 8. g3 {[%clk 1:29:21]} h6 {[%clk 1:29:29]} 9. Bg2
{[%clk 1:25:16]} Be6 {[%clk 1:29:17]} 10. O-O {[%clk 1:23:37]} Qd7
{[%clk 1:27:45]} 11. Nh4 {[%clk 1:16:34]} Bh3 {[%clk 1:24:08]} 12. f4
{[%clk 1:14:16]} Bxg2 {[%clk 1:23:22]} 13. Kxg2 {[%clk 1:11:47]} exf4
{[%clk 1:17:15]} 14. gxf4 {[%clk 1:08:18]} Qe6 {[%clk 1:12:16]} 15. f5
{[%clk 0:56:22]} Qe5 {[%clk 1:11:46]} 16. Qc2 {[%clk 0:55:29]} Ng4
{[%clk 1:07:33]} 17. Nf3 {[%clk 0:53:03]} Qe7 {[%clk 1:07:26]} 18. h3
{[%clk 0:49:16]} Nf6 {[%clk 1:06:06]} 19. Bf4 {[%clk 0:44:32]} Nh5
{[%clk 1:05:04]} 20. Bh2 {[%clk 0:39:58]} Ne5 {[%clk 1:02:30]} 21. Qe2
{[%clk 0:37:43]} Nxf3 {[%clk 0:55:31]} 22. Qxf3 {[%clk 0:36:31]} Nf6
{[%clk 0:52:28]} 23. Rab1 {[%clk 0:34:12]} b6 {[%clk 0:50:54]} 24. Kh1
{[%clk 0:32:29]} Kh7 {[%clk 0:49:04]} 25. Rbe1 {[%clk 0:29:32]} Nd7
{[%clk 0:44:32]} 26. d4 {[%clk 0:25:23]} Rae8 {[%clk 0:42:09]} 27. a4
{[%clk 0:23:50]} a5 {[%clk 0:39:30]} 28. Qd3 {[%clk 0:19:52]} Qf6
{[%clk 0:37:22]} 29. Rg1 {[%clk 0:13:59]} Re7 {[%clk 0:33:59]} 30. Re3
{[%clk 0:12:47]} Rfe8 {[%clk 0:33:19]} 31. Rge1 {[%clk 0:12:28]} g6
{[%clk 0:31:14]} 32. fxg6+ {[%clk 0:10:58]} fxg6 {[%clk 0:31:28]} 33. Rf1
{[%clk 0:10:42]} Qg7 {[%clk 0:29:50]} 34. Ref3 {[%clk 0:08:29]} 1/2-1/2

[Event "EYCC 2024 - G12"]
[Site "?"]
[Date "2024.08.26"]
[Round "5.10"]
[White "Sunea, Sara Maria"]
[Black "Mrad, Anahid"]
[Result "1-0"]
[BlackElo "1690"]
[WhiteElo "1871"]
[LiveChessVersion "1.4.8"]

1. d4 {[%clk 1:30:56]} d5 {[%clk 1:30:53]} 2. Bf4 {[%clk 1:31:20]} c5
{[%clk 1:31:00]} 3. e3 {[%clk 1:31:44]} Nc6 {[%clk 1:31:11]} 4. Nf3
{[%clk 1:31:59]} Nf6 {[%clk 1:31:17]} 5. c3 {[%clk 1:31:03]} e6 {[%clk 1:31:06]}
6. Nbd2 {[%clk 1:31:11]} Bd6 {[%clk 1:30:15]} 7. Bg3 {[%clk 1:29:19]} O-O
{[%clk 1:29:26]} 8. Bd3 {[%clk 1:29:47]} Re8 {[%clk 1:27:23]} 9. Ne5
{[%clk 1:28:06]} Qb6 {[%clk 1:19:30]} 10. Rb1 {[%clk 1:16:31]} cxd4
{[%clk 1:10:57]} 11. exd4 {[%clk 1:15:49]} Qc7 {[%clk 1:10:24]} 12. f4
{[%clk 1:13:15]} Bd7 {[%clk 1:05:45]} 13. O-O {[%clk 1:10:38]} a6
{[%clk 0:52:07]} 14. Bh4 {[%clk 1:08:39]} Be7 {[%clk 0:47:16]} 15. Bxf6
{[%clk 0:59:32]} Bxf6 {[%clk 0:46:59]} 16. Bxh7+ {[%clk 0:59:15]} Kf8
{[%clk 0:23:12]} 17. Qh5 {[%clk 0:46:42]} g6 {[%clk 0:19:03]} 18. Bxg6
{[%clk 0:45:38]} fxg6 {[%clk 0:15:18]} 19. Qxg6 {[%clk 0:45:41]} Ke7
{[%clk 0:13:42]} 20. Qf7+ {[%clk 0:44:31]} Kd8 {[%clk 0:13:19]} 21. Qxf6+
{[%clk 0:44:22]} Kc8 {[%clk 0:11:57]} 22. Nb3 {[%clk 0:36:08]} b6
{[%clk 0:10:16]} 23. Rbe1 {[%clk 0:33:36]} a5 {[%clk 0:10:02]} 24. Rf3
{[%clk 0:32:15]} a4 {[%clk 0:09:55]} 25. Nc1 {[%clk 0:32:11]} Kb7
{[%clk 0:09:48]} 26. Nxd7 {[%clk 0:29:18]} Qxd7 {[%clk 0:09:34]} 27. Rfe3
{[%clk 0:28:34]} a3 {[%clk 0:09:17]} 28. b3 {[%clk 0:28:31]} Rf8 {[%clk 0:08:46]}
29. Qxe6 {[%clk 0:28:42]} Qc7 {[%clk 0:07:15]} 30. Qxd5 {[%clk 0:28:24]} Qxf4
{[%clk 0:07:24]} 31. Nd3 {[%clk 0:24:23]} Qh4 {[%clk 0:05:35]} 32. Re7+
{[%clk 0:23:38]} Ka6 {[%clk 0:04:30]} 33. Qc4+ {[%clk 0:22:51]} 1-0

[Event "EYCC 2024 - G12"]
[Site "?"]
[Date "2024.08.26"]
[Round "5.11"]
[White "Illes-Nagy, Nora"]
[Black "Harutyunyan, Gabriela"]
[Result "0-1"]
[BlackElo "1565"]
[WhiteElo "1792"]
[LiveChessVersion "1.4.8"]

1. d4 {[%clk 1:30:59]} d5 {[%clk 1:30:28]} 2. c4 {[%clk 1:31:11]} e6
{[%clk 1:30:29]} 3. Nc3 {[%clk 1:31:27]} c5 {[%clk 1:30:53]} 4. cxd5
{[%clk 1:30:31]} cxd4 {[%clk 1:31:06]} 5. Qa4+ {[%clk 1:29:20]} Bd7
{[%clk 1:31:14]} 6. Qxd4 {[%clk 1:29:23]} exd5 {[%clk 1:31:40]} 7. Qxd5
{[%clk 1:25:13]} Nf6 {[%clk 1:31:58]} 8. Qd1 {[%clk 1:23:58]} Nc6
{[%clk 1:32:04]} 9. Nf3 {[%clk 1:20:41]} Bc5 {[%clk 1:31:16]} 10. e3
{[%clk 1:19:35]} O-O {[%clk 1:31:05]} 11. Be2 {[%clk 1:14:46]} Qe7
{[%clk 1:29:48]} 12. Nd4 {[%clk 1:05:41]} Rfd8 {[%clk 1:28:41]} 13. a3
{[%clk 1:04:06]} Bf5 {[%clk 1:27:18]} 14. O-O {[%clk 0:56:14]} Bxd4
{[%clk 1:23:36]} 15. exd4 {[%clk 0:56:30]} Nxd4 {[%clk 1:24:00]} 16. Bd2
{[%clk 0:53:21]} Nxe2+ {[%clk 1:24:03]} 17. Nxe2 {[%clk 0:53:33]} Ne4
{[%clk 1:24:22]} 18. Ng3 {[%clk 0:52:44]} Nxd2 {[%clk 1:23:04]} 19. Nxf5
{[%clk 0:52:30]} Qf6 {[%clk 1:23:20]} 20. Ng3 {[%clk 0:50:15]} Nxf1
{[%clk 1:23:38]} 21. Qxf1 {[%clk 0:50:39]} Qxb2 {[%clk 1:23:58]} 22. h3
{[%clk 0:49:59]} Rd2 {[%clk 1:23:27]} 23. Nf5 {[%clk 0:49:09]} Rxf2
{[%clk 1:23:19]} 24. Qxf2 {[%clk 0:49:19]} Qxa1+ {[%clk 1:23:43]} 25. Kh2
{[%clk 0:49:37]} Qe5+ {[%clk 1:23:11]} 26. Ng3 {[%clk 0:50:00]} h5
{[%clk 1:23:33]} 27. h4 {[%clk 0:50:06]} a5 {[%clk 1:23:49]} 28. a4
{[%clk 0:44:53]} Ra6 {[%clk 1:23:59]} 29. Qd2 {[%clk 0:42:46]} Rg6
{[%clk 1:24:14]} 30. Qd8+ {[%clk 0:42:36]} Kh7 {[%clk 1:24:25]} 31. Qd3
{[%clk 0:42:55]} Qf4 {[%clk 1:24:48]} 0-1

[Event "EYCC 2024 - G12"]
[Site "?"]
[Date "2024.08.26"]
[Round "5.12"]
[White "Janouskova, Eliska"]
[Black "Schirmbeck, Lilian"]
[Result "1/2-1/2"]
[BlackElo "1786"]
[WhiteElo "1672"]
[LiveChessVersion "1.4.8"]

1. e4 {[%clk 1:30:57]} c5 {[%clk 1:30:57]} 2. Nf3 {[%clk 1:30:45]} Nc6
{[%clk 1:31:12]} 3. d4 {[%clk 1:30:12]} cxd4 {[%clk 1:31:30]} 4. c3
{[%clk 1:29:45]} e5 {[%clk 1:30:56]} 5. cxd4 {[%clk 1:26:00]} exd4
{[%clk 1:31:04]} 6. Nxd4 {[%clk 1:20:09]} Nf6 {[%clk 1:30:34]} 7. Nc3
{[%clk 1:18:16]} Bb4 {[%clk 1:30:15]} 8. Nxc6 {[%clk 1:12:58]} bxc6
{[%clk 1:29:38]} 9. Bd3 {[%clk 1:11:06]} O-O {[%clk 1:14:13]} 10. O-O
{[%clk 1:09:12]} Re8 {[%clk 0:54:53]} 11. Re1 {[%clk 1:06:14]} d5
{[%clk 0:51:06]} 12. exd5 {[%clk 1:02:15]} Rxe1+ {[%clk 0:46:27]} 13. Qxe1
{[%clk 1:02:36]} Nxd5 {[%clk 0:44:54]} 14. Qe4 {[%clk 0:52:13]} f5
{[%clk 0:39:36]} 15. Qc4 {[%clk 0:49:42]} Bxc3 {[%clk 0:26:01]} 16. bxc3
{[%clk 0:49:25]} Qf6 {[%clk 0:25:04]} 17. Bb2 {[%clk 0:39:08]} Rb8
{[%clk 0:24:29]} 18. Rb1 {[%clk 0:38:27]} Rb6 {[%clk 0:22:19]} 19. Qc5
{[%clk 0:33:20]} f4 {[%clk 0:16:16]} 20. Be4 {[%clk 0:26:19]} Qe6
{[%clk 0:14:13]} 21. Qd4 {[%clk 0:23:49]} Nf6 {[%clk 0:08:41]} 22. Qd8+
{[%clk 0:18:30]} Kf7 {[%clk 0:08:38]} 23. Qc7+ {[%clk 0:18:21]} Bd7
{[%clk 0:08:32]} 24. Bd3 {[%clk 0:16:11]} Qxa2 {[%clk 0:07:18]} 25. Qxf4
{[%clk 0:15:11]} Be6 {[%clk 0:03:39]} 26. Qc1 {[%clk 0:13:50]} Qd5
{[%clk 0:01:34]} 27. Bf1 {[%clk 0:11:18]} Qb3 {[%clk 0:01:19]} 28. Bd3
{[%clk 0:10:48]} Qd5 {[%clk 0:01:14]} 29. Bf1 {[%clk 0:10:22]} Qb3
{[%clk 0:01:12]} 30. Bd3 {[%clk 0:10:37]} c5 {[%clk 0:00:35]} 31. Ba3
{[%clk 0:07:13]} Qd5 {[%clk 0:00:39]} 32. Bf1 {[%clk 0:06:40]} Bf5
{[%clk 0:00:41]} 33. Rxb6 {[%clk 0:06:43]} axb6 {[%clk 0:01:08]} 34. Qf4
{[%clk 0:06:22]} Qd7 {[%clk 0:00:38]} 35. h3 {[%clk 0:04:45]} Be6
{[%clk 0:00:37]} 36. Qb8 {[%clk 0:03:32]} Nd5 {[%clk 0:00:39]} 37. Qg3
{[%clk 0:03:44]} Qc7 {[%clk 0:00:39]} 38. Qf3+ {[%clk 0:04:01]} Qf4
{[%clk 0:00:48]} 39. Qh5+ {[%clk 0:04:07]} Kf8 {[%clk 0:00:34]} 40. Qxh7
{[%clk 0:03:02]} Nf6 {[%clk 0:00:35]} 1/2-1/2

[Event "EYCC 2024 - G12"]
[Site "?"]
[Date "2024.08.26"]
[Round "5.13"]
[White "Donets, Alina"]
[Black "Savchenko, Iryna"]
[Result "0-1"]
[BlackElo "1453"]
[WhiteElo "1784"]
[LiveChessVersion "1.4.8"]

1. e4 {[%clk 1:31:24]} c5 {[%clk 1:31:06]} 2. Nf3 {[%clk 1:31:49]} d6
{[%clk 1:31:28]} 3. Bb5+ {[%clk 1:32:16]} Bd7 {[%clk 1:31:53]} 4. Bxd7+
{[%clk 1:32:40]} Nxd7 {[%clk 1:32:22]} 5. O-O {[%clk 1:32:48]} Ngf6
{[%clk 1:32:48]} 6. Re1 {[%clk 1:33:14]} g6 {[%clk 1:32:57]} 7. c3
{[%clk 1:33:36]} Bg7 {[%clk 1:33:20]} 8. d4 {[%clk 1:33:57]} cxd4
{[%clk 1:33:49]} 9. cxd4 {[%clk 1:34:21]} O-O {[%clk 1:34:12]} 10. e5
{[%clk 1:30:01]} dxe5 {[%clk 1:34:16]} 11. dxe5 {[%clk 1:30:19]} Ng4
{[%clk 1:34:27]} 12. e6 {[%clk 1:28:41]} fxe6 {[%clk 1:34:49]} 13. h3
{[%clk 1:27:03]} Nge5 {[%clk 1:33:24]} 14. Nd4 {[%clk 1:20:08]} Nc5
{[%clk 1:29:14]} 15. Nc3 {[%clk 1:06:10]} Ncd3 {[%clk 1:04:03]} 16. Nxe6
{[%clk 0:59:03]} Qb6 {[%clk 1:02:34]} 17. Nxf8 {[%clk 0:57:08]} Qxf2+
{[%clk 0:59:28]} 18. Kh1 {[%clk 0:52:04]} Nxe1 {[%clk 0:57:38]} 19. Qd5+
{[%clk 0:42:57]} Kxf8 {[%clk 0:52:42]} 20. Qxb7 {[%clk 0:42:33]} Qf1+
{[%clk 0:51:44]} 21. Kh2 {[%clk 0:42:51]} N5f3+ {[%clk 0:51:55]} 22. Kg3
{[%clk 0:43:15]} Be5+ {[%clk 0:52:21]} 0-1

[Event "EYCC 2024 - G12"]
[Site "?"]
[Date "2024.08.26"]
[Round "5.14"]
[White "Ndreko, Ailin"]
[Black "Vancakova, Veronika"]
[Result "1/2-1/2"]
[BlackElo "1776"]
[WhiteElo "1642"]
[LiveChessVersion "1.4.8"]

1. e4 {[%clk 1:30:51]} d6 {[%clk 1:30:53]} 2. d4 {[%clk 1:30:55]} Nf6
{[%clk 1:31:16]} 3. Nc3 {[%clk 1:30:34]} Nbd7 {[%clk 1:31:38]} 4. Nf3
{[%clk 1:26:22]} e5 {[%clk 1:31:43]} 5. Bc4 {[%clk 1:20:50]} Be7 {[%clk 1:32:00]}
6. O-O {[%clk 1:20:45]} O-O {[%clk 1:32:20]} 7. Bb3 {[%clk 1:19:31]} c6
{[%clk 1:31:13]} 8. a4 {[%clk 1:18:25]} a5 {[%clk 1:31:01]} 9. Bg5
{[%clk 1:16:13]} h6 {[%clk 1:30:30]} 10. Bh4 {[%clk 1:16:31]} Nh5
{[%clk 1:21:57]} 11. Bg3 {[%clk 1:02:58]} Nxg3 {[%clk 1:20:41]} 12. fxg3
{[%clk 1:02:20]} Bf6 {[%clk 1:16:02]} 13. Kh1 {[%clk 0:53:59]} Re8
{[%clk 1:06:28]} 14. Qd3 {[%clk 0:42:33]} exd4 {[%clk 0:57:50]} 15. Nxd4
{[%clk 0:38:33]} Nc5 {[%clk 0:56:58]} 16. Qc4 {[%clk 0:27:21]} Nxb3
{[%clk 0:50:38]} 17. Nxb3 {[%clk 0:26:01]} Be6 {[%clk 0:46:37]} 18. Qd3
{[%clk 0:25:07]} Bxb3 {[%clk 0:33:40]} 19. cxb3 {[%clk 0:25:03]} Qe7
{[%clk 0:32:56]} 20. Rad1 {[%clk 0:16:07]} Be5 {[%clk 0:33:12]} 21. Qc4
{[%clk 0:13:52]} Ra6 {[%clk 0:31:41]} 22. Rf3 {[%clk 0:13:26]} Qe6
{[%clk 0:30:40]} 23. Qd3 {[%clk 0:12:55]} Qxb3 {[%clk 0:26:45]} 24. Rdf1
{[%clk 0:09:13]} Qe6 {[%clk 0:12:04]} 25. Rxf7 {[%clk 0:09:19]} Qxf7
{[%clk 0:12:28]} 26. Rxf7 {[%clk 0:09:44]} Kxf7 {[%clk 0:12:54]} 27. h3
{[%clk 0:09:36]} Ke7 {[%clk 0:12:34]} 28. b3 Kd7 {[%clk 0:11:41]} 29. Ne2
{[%clk 0:09:26]} Rb6 {[%clk 0:11:30]} 30. Qf3 {[%clk 0:08:33]} Rb4
{[%clk 0:05:04]} 31. Qf7+ {[%clk 0:06:13]} Re7 {[%clk 0:05:29]} 32. Qf5+
{[%clk 0:06:26]} Kc7 {[%clk 0:05:49]} 33. Nf4 {[%clk 0:06:07]} Bxf4
{[%clk 0:03:46]} 34. Qxa5+ {[%clk 0:06:27]} Rb6 {[%clk 0:04:11]} 35. gxf4
{[%clk 0:06:39]} Rxe4 {[%clk 0:04:28]} 36. Qf5 {[%clk 0:06:43]} Re7
{[%clk 0:04:54]} 37. Qa5 {[%clk 0:06:33]} Rd7 {[%clk 0:04:44]} 38. b4
{[%clk 0:06:40]} d5 {[%clk 0:04:23]} 39. Qc5 {[%clk 0:06:52]} Ra6
{[%clk 0:03:43]} 40. b5 {[%clk 0:06:02]} Rb6 {[%clk 0:02:23]} 41. Qd4
{[%clk 0:05:24]} cxb5 {[%clk 0:02:01]} 42. Qe5+ {[%clk 0:05:39]} Rbd6
{[%clk 0:02:00]} 43. axb5 {[%clk 0:04:42]} d4 {[%clk 0:01:21]} 44. Qc5+
{[%clk 0:03:38]} Kd8 {[%clk 0:01:46]} 45. b6 {[%clk 0:03:01]} Ke7
{[%clk 0:00:53]} 46. Qe5+ {[%clk 0:02:59]} Kf8 {[%clk 0:01:01]} 47. Qf5+
{[%clk 0:02:38]} Kg8 {[%clk 0:01:15]} 48. Qd3 {[%clk 0:02:58]} Rxb6
{[%clk 0:00:45]} 49. Qc4+ {[%clk 0:03:21]} Kh7 {[%clk 0:01:08]} 50. Qd3+
{[%clk 0:03:44]} Kh8 {[%clk 0:00:56]} 51. h4 {[%clk 0:03:11]} Rc6
{[%clk 0:00:43]} 52. Qf5 {[%clk 0:03:30]} Rd8 {[%clk 0:01:02]} 53. Qa5
{[%clk 0:03:22]} Rcd6 {[%clk 0:01:17]} 54. Qd2 {[%clk 0:03:32]} d3
{[%clk 0:01:37]} 55. f5 {[%clk 0:03:37]} b5 {[%clk 0:01:43]} 56. g4
{[%clk 0:03:32]} b4 {[%clk 0:00:46]} 57. g5 {[%clk 0:03:56]} Rd4 {[%clk 0:00:52]}
58. f6 {[%clk 0:04:07]} Rxh4+ {[%clk 0:01:12]} 59. Kg2 {[%clk 0:04:33]} Rg4+
{[%clk 0:01:18]} 60. Kh3 {[%clk 0:04:52]} Rxg5 {[%clk 0:01:27]} 61. fxg7+
{[%clk 0:04:59]} Kh7 {[%clk 0:00:43]} 62. Qxb4 {[%clk 0:04:57]} d2
{[%clk 0:00:44]} 63. Qe4+ {[%clk 0:04:58]} Rg6 {[%clk 0:00:57]} 64. g8=Q+
{[%clk 0:05:20]} Rdxg8 {[%clk 0:01:06]} 65. Qd3 {[%clk 0:05:44]} R8g7
{[%clk 0:00:42]} 66. Qxd2 {[%clk 0:05:59]} Rf7 {[%clk 0:00:43]} 67. Qd5
{[%clk 0:06:04]} Rfg7 {[%clk 0:00:55]} 68. Qd3 {[%clk 0:06:30]} h5
{[%clk 0:01:16]} 69. Kh4 {[%clk 0:06:55]} Kh6 {[%clk 0:01:33]} 70. Qd2+
{[%clk 0:07:15]} Rg5 {[%clk 0:01:47]} 71. Qd6+ {[%clk 0:07:32]} R7g6
{[%clk 0:02:05]} 72. Qf8+ {[%clk 0:07:31]} Kh7 {[%clk 0:02:20]} 73. Qe7+
{[%clk 0:07:54]} Kh6 {[%clk 0:02:46]} 74. Qf8+ {[%clk 0:08:16]} Rg7
{[%clk 0:03:11]} 75. Qf6+ {[%clk 0:08:15]} R5g6 {[%clk 0:03:13]} 76. Qf4+
{[%clk 0:08:32]} Kh7 {[%clk 0:03:19]} 77. Qf5 {[%clk 0:08:33]} 1/2-1/2